Základy elementárnej geometrie pre učiteľstvo 1. stupňa základnej školy

Podrobná bibliografia
Hlavní autori: Šedivý, Ondrej, 1935-2024 (Autor), Cuninka, Anton (Autor)
Médium: Kniha
Jazyk:slovenčina
Fyzický popis:163 s. Sch., tab. 30 cm
Vydavateľské údaje: Nitra Vysoká škola pedagogická 1996
ISBN:8080500177
Vydanie:2. nezm. vyd.
Edícia:Vysokoškolské učebné texty
Predmet:

MARC

LEADER 00000nam a2200000 a 4500
001 vtls001124977
003 SK-MaSNL
005 20260515034543.0
008 251113s1996 xo ap r yy slo
015 |a SNBA1996/0300793 
020 |a 8080500177  |c 68,00 Sk (300 výt.) 
035 |a SNK000067823 
035 |a urn:nbn:sk:snk-amljde 
035 |a urn:nbn:sk:snk-am00bn79 
035 |a 90B12ADF-D2AF-433F-8717-A2DFAADD6C65 
040 |a SNK  |b slo  |c SNK  |e AACR2 
041 0 |a slo 
044 |a xo  |c SK 
080 |a 514.11(075.8)  |2 1981 
100 1 |a Šedivý, Ondrej,  |d 1935-2024  |4 aut  |9 215415 
245 1 0 |a Základy elementárnej geometrie pre učiteľstvo 1. stupňa základnej školy  |c Ondrej Šedivý, Anton Cuninka 
250 |a 2. nezm. vyd. 
260 |a Nitra  |b Vysoká škola pedagogická  |c 1996 
300 |a 163 s.  |b Sch., tab.  |c 30 cm 
490 1 |a Vysokoškolské učebné texty 
504 |a Bibliogr. s. 163 
650 0 7 |a geometria elementárna  |x základy  |2 SNK  |9 377640 
655 7 |a Textbooks (higher)  |2 SNKPHeng  |9 276436 
655 7 |a učebnice vysokých škôl  |2 SNKPH  |9 70191 
655 7 |a učebnice  |2 SNK  |9 22521 
700 1 |a Cuninka, Anton  |4 aut  |9 377641 
830 0 |a Vysokoškolské učebné texty  |9 276539 
919 |a 80-8050-017-7 
958 0 7 |a RM 
958 0 7 |a NB 
958 0 7 |a UV 
999 |c 621992  |d 623922 
952 |t P60, <09>, [BOOK], {629}  |a SNK  |b SNK  |y NEVYP  |7 0  |o snkB 87  |i snk310/960117  |0 0  |1 0  |4 0  |d 1996-01-16  |l 0  |r 2004-12-31 00:00:00  |w 2026-02-23 
952 |t P60, <03>, [BOOK], {603}  |a SNK  |b SNK  |y PREZ  |7 0  |p 17A0000025  |o snkSB 54964  |i snkKSP 1517/96  |0 0  |1 0  |4 0  |d 1996-02-01  |f 1  |l 0  |r 2025-03-28 00:00:00  |w 2026-02-23 
952 |t P60, <04>, [BOOK], {604}  |a SNK  |b SNK  |y VYP  |7 0  |p 17A0000026  |o snkSB 54964 D1  |i snkKSP 1518/96  |0 0  |1 0  |4 0  |d 1996-02-01  |l 0  |r 2004-12-31 00:00:00  |w 2026-02-23